Nutrias de Colombia. (Registro nro. 9092)
[ vista simple ]
| 000 -CABECERA | |
|---|---|
| Campo de control | 01220nam a22003497a 4500 |
| 005 - FECHA Y HORA DE LA ULTIMA TRANSACCION | |
| Campo de control | 20200104041634.0 |
| 008 - ELEMENTOS DE LONGITUD FIJA—INFORMACION GENERAL | |
| Campo de control | 150310b2009 ck |||||r|||| 00| 0 spa d |
| 020 ## - ISBN | |
| ISBN | 9789588554013 |
| 040 ## - FUENTE DE CATALOGACIÓN | |
| Agencia catalogadora original | CO-BOIAvH |
| Agencia transcriptora | CO-BOIAvH |
| 041 ## - IDIOMA | |
| Código de idioma para texto/pista de sonido o título separado | Español |
| 044 ## - PAÍS DE PUBLICACIÓN | |
| País de publicación | Colombia |
| 082 04 - NUMERO DE CLASIFICACION DECIMAL DEWEY | |
| Número de clasificación | 599.7692 |
| Número del ítem | P85n |
| 100 1# - ASIENTO PRINCIPAL--NOMBRE PERSONAL | |
| Nombre personal | Portocarrero Aya, Marcela |
| 9 (RLIN) | 33396 |
| 245 10 - MENCION DE TITULO | |
| Título | Nutrias de Colombia. |
| 260 ## - PUBLICACION, DISTRIBUCION, ETC. (PIE DE IMPRENTA) | |
| Lugar de publicación, distribución, etc. | Bogotá: |
| Nombre del editor, distribuidor, etc. | Fundación Omaha, |
| -- | Fundación Horizonte Verde, |
| Fecha de publicación, distribución, etc. | 2009. |
| 300 ## - DESCRIPCION FISICA | |
| Extensión | 40 p. |
| Otros detalles físicos | fotografías a color |
| Dimensiones | 18 cm. |
| 504 ## - NOTA DE BIBLIOGRAFIA, ETC. | |
| Nota de bibliografía | Incluye referencias bibliográficas (pag. 36-37) |
| 650 #4 - ASIENTO SECUNDARIO DE MATERIA - TERMINO TEMATICO | |
| Término temático o nombre geográfico como elemento de entrada | Lontra de río |
| 9 (RLIN) | 33397 |
| 650 #4 - ASIENTO SECUNDARIO DE MATERIA - TERMINO TEMATICO | |
| Término temático o nombre geográfico como elemento de entrada | Nutria |
| Subdivisión general | características |
| 9 (RLIN) | 33398 |
| 650 #4 - ASIENTO SECUNDARIO DE MATERIA - TERMINO TEMATICO | |
| Término temático o nombre geográfico como elemento de entrada | Nutria de rio |
| Subdivisión general | taxonomía |
| 9 (RLIN) | 33399 |
| 650 #4 - ASIENTO SECUNDARIO DE MATERIA - TERMINO TEMATICO | |
| Término temático o nombre geográfico como elemento de entrada | Nutria |
| Subdivisión general | reproducción |
| 9 (RLIN) | 33400 |
| 700 1# - ASIENTO SECUNDARIO - NOMBRE PERSONAL | |
| Nombre personal | Morales-Betancourt, Diana |
| 9 (RLIN) | 33401 |
| 700 1# - ASIENTO SECUNDARIO - NOMBRE PERSONAL | |
| Nombre personal | Díaz, Diana Lucía |
| 9 (RLIN) | 33402 |
| 700 1# - ASIENTO SECUNDARIO - NOMBRE PERSONAL | |
| Nombre personal | Millán, Juan Pablo |
| 9 (RLIN) | 33403 |
| 700 1# - ASIENTO SECUNDARIO - NOMBRE PERSONAL | |
| Nombre personal | Trujillo, Fernando |
| Término de relación | fotógrafo |
| 9 (RLIN) | 366 |
| 700 1# - ASIENTO SECUNDARIO - NOMBRE PERSONAL | |
| Nombre personal | Morales-Betancourt, Diana |
| Término de relación | fotógrafa |
| 9 (RLIN) | 33405 |
| 700 1# - ASIENTO SECUNDARIO - NOMBRE PERSONAL | |
| Nombre personal | Gärtner, Alexandra |
| Término de relación | fotógrafa |
| 9 (RLIN) | 33406 |
| 700 1# - ASIENTO SECUNDARIO - NOMBRE PERSONAL | |
| Nombre personal | Landazábal, César |
| Término de relación | ilustrador |
| 9 (RLIN) | 33407 |
| 700 1# - ASIENTO SECUNDARIO - NOMBRE PERSONAL | |
| Nombre personal | Yucuna, Joana |
| Término de relación | ilustradora |
| 9 (RLIN) | 33408 |
| 700 1# - ASIENTO SECUNDARIO - NOMBRE PERSONAL | |
| Nombre personal | Cuervo, Luisa |
| Término de relación | ilustradora |
| 9 (RLIN) | 33409 |
| 942 ## - ELEMENTOS ADICIONALES (KOHA) | |
| Sistema de clasificación | Dewey Decimal Classification |
| Tipo de ítem | Libro |
| Withdrawn status | Lost status | Sistema de Clasificación | Damaged status | No para préstamo | Colección | Inventariado | Ubicación Permanente | Ubicación actual | Fecha de adquisición | Fuente de Valor | Valor | Total Checkouts | Número topográfico | Inventario / Código de Barras | Date last seen | Ejemplar | Price effective from | Forma de adquisición | Tipo de material |
|---|---|---|---|---|---|---|---|---|---|---|---|---|---|---|---|---|---|---|---|
| Dewey Decimal Classification | General | Inventariado 2017 | Bogotá | Bogotá | 10/03/2015 | Instituto | 39000.00 | LB-599.7692 P85n | 038821 | 10/03/2015 | Ej. 1 | 10/03/2015 | Libro |